Entry Nombre corporativo
001 - NÚMERO DE CONTROL
- campo de control: 75779
003 - IDENTIFICADOR DE NÚMERO DE CONTROL
- campo de control: SpMaBN
005 - FECHA Y HORA DE LA ÚLTIMA TRANSACCIÓN
- campo de control: 20241029134558.0
008 - ELEMENTOS DE DATO DE LONGITUD-FIJA
- campo de control de longitud fija: 240712n| aijnnaabn |a ana
016 ## - NÚMERO DE CONTROL DE UNA AGENCIA BIBLIOGRÁFICA NACIONAL
- Número de control del registro: BNE20070472766
024 7# - IDENTIFICADOR DE OTROS ESTÁNDARES
- Número estándar o código: http://viaf.org/viaf/153047603
- Fuente: viaf
040 ## - FUENTE DE CATALOGACIÓN
- Centro catalogador/agencia de origen: SpMaBN
- Lengua de catalogación: spa
- Centro/agencia transcriptor: SpMaBN
- Normas de descripción: rdc
- Convención/Normas de encabezamiento de materia/tesauro: embne
110 2# - ENCABEZAMIENTO-NOMBRE DE ENTIDAD CORPORATIVA
- Nombre de entidad corporativa o nombre de jurisdicción como elemento de entrada: Real Academia de la Historia (España).
- Unidad subordinada: Departamento de Cartografía y Artes Gráficas.
410 2# - TRAZADO DE VÉASE--NOMBRE DE ENTIDAD CORPORATIVA
- Nombre de entidad corporativa o nombre de jurisdicción como elemento de entrada: Real Academia de la Historia (España).
- Unidad subordinada: Departamento de Cartografía y Bellas Artes
510 2# - TRAZADO DE VÉASE ADEMÁS--NOMBRE DE ENTIDAD CORPORATIVA
- Subcampo de control: a
- Nombre de entidad corporativa o nombre de jurisdicción como elemento de entrada: Real Academia de la Historia (España),
- Unidad subordinada: Servicio de Cartografía y Bellas Artes
670 ## - FUENTE DE DATOS ENCONTRADOS
- Cita de la fuente: Cartografía del siglo XVIII, 2006
- Información encontrada: port. (Real Academia de la Historia, Departamento de Cartografía y Artes Gráficas)
670 ## - FUENTE DE DATOS ENCONTRADOS
- Cita de la fuente: Llamada a la entidad, 6-3-2007
- Información encontrada: (Desde principios de 2004 el Servicio de Cartografía y Bellas Artes se denomina Departamento de Cartografía y Artes Gráficas)